[Event "Split op"]
[Site "Split"]
[Date "1992.??.??"]
[Round "?"]
[White "Sale, Srdjan"]
[Black "Peranic, Dabo"]
[Result "1-0"]
[WhiteElo "2370"]
[BlackElo "2245"]
[PlyCount "71"]
[EventDate "1992.??.??"]
[EventType "swiss"]
[EventRounds "9"]
[EventCountry "CRO"]
[SourceTitle "EXT 2004"]
[Source "ChessBase"]
[SourceDate "2003.11.25"]
[SourceVersion "1"]
[SourceVersionDate "2003.11.25"]
[SourceQuality "1"]

1. Nf3 Nf6 2. c4 g6 3. Nc3 Bg7 4. e4 d6 5. d4 0-0 6. Be2 e5 7. dxe5 dxe5 8. Qxd8 Rxd8 9. Bg5 Nbd7 10. 0-0-0 Rf8 11. b4 a5 12. a3 c6 13. Nd2 Re8 14. c5 b6 15. b5 Bb7 16. Nc4 Nxc5 17. Nd6 Re7 18. Nxb7 Rxb7 19. bxc6 Rc7 20. Nd5 Nxd5 21. exd5 Nb3+ 22. Kb1 Nd4 23. Rxd4 exd4 24. Bf4 Re7 25. Bf3 Be5 26. Bxe5 Rxe5 27. d6 Rb5+ 28. Ka2 Rc5 29. c7 Rc8 30. Rd1 R5xc7 31. dxc7 Rxc7 32. Kb2 Rd7 33. Kb3 b5 34. Bc6 a4+ 35. Kb4 Rc7 36. Kxb5 1-0